Nacimos en su lucha, viven en la nuestra / 10 años de HIJOS La Plata.

En el marco de los 10 años de HIJOS La Plata, hacemos un recorrido por las etapas más representativas de esta organización de derechos humanos. Esta realización narra el proceso de encuentro y formación de un grupo de jóvenes en búsqueda de su identidad, en un momento en que la lucha por la reconstr...

Descripción completa

Guardado en:
Autor Principal: Cagni, Camilo.
Otros Autores: Balut, Pablo; Idea y Realización., Aiub, Juan; Idea y Realización., Roesler, Pablo; Idea y Realización.
Formato: Deslizar
Idioma:Undetermined
Publicado: La Plata, 2005.
Materias:
Etiquetas: Agregar Etiqueta
Sin Etiquetas, Sea el primero en etiquetar este registro!
LEADER 01395ngm a22003015a 4500
001 CEM.cems019105
008 220818s2005####xx#---############vlund#d
005 20220922184410.0
245 1 0 |a Nacimos en su lucha, viven en la nuestra /  |c Camilo Cagni, Pablo Balut, Pablo Roesler, Juan Aiub  |h [videograbación] :  |b 10 años de HIJOS La Plata. 
260 |a La Plata,  |c 2005. 
300 |a 48'. 
520 |a En el marco de los 10 años de HIJOS La Plata, hacemos un recorrido por las etapas más representativas de esta organización de derechos humanos. Esta realización narra el proceso de encuentro y formación de un grupo de jóvenes en búsqueda de su identidad, en un momento en que la lucha por la reconstrucción de la memoria parecía una batalla perdida. 
538 |a Soporte: DVD Resolución: 720x576 25fps 
590 |a Identificación anterior: D 15 
100 1 |a Cagni, Camilo. 
700 1 |a Balut, Pablo; Idea y Realización. 
700 1 |a Aiub, Juan; Idea y Realización. 
700 1 |a Roesler, Pablo; Idea y Realización. 
653 |a HISTORIA 
653 |a HISTORIA ARGENTINA 
653 |a DICTADURA MILITAR 
653 |a TERRORISMO DE ESTADO 
653 |a FAMILIARES DE DETENIDOS DESAPARECIDOS 
653 |a DERECHOS 
653 |a IDENTIDAD 
653 |a HIJOS 
653 |a DERECHOS HUMANOS 
859 |a CEMS  |b BIB. CEMS - Depto. Recursos Didacticos  |h 982  |i CAG  |k DRD  |p 2874.22  |t Ej.1